000 00363nam a2200145 i 4500
001 bg
245 0 _aAutomatyzacja w zakładach prefabrykacji /
_cJerzy Bielawski [et al.].
260 _aWarszawa,
_c1977.
700 1 _aBielawski, Jerzy.
040 _cBPK
041 _apol
080 _a69.057:62-5
942 _cKS
008 s pl f |000 0 pol
999 _c17692
_d17692
856 _uhttp://koha.tu.koszalin.pl/cgi-bin/koha/opac-detail.pl?biblionumber=17692
_yKatalog online BPK